| 000 | 00987nam a22002297a 4500 | ||
|---|---|---|---|
| 003 | OSt | ||
| 005 | 20260212091254.0 | ||
| 008 | 230914b ||||| |||| 00| 0 eng d | ||
| 040 | _c0 | ||
| 082 | _aDPer 570 J826 February-November 2020 v. 54 n. 1-5. | ||
| 100 |
_aMartín-Gámez, Carolina. _eauthor. _948932 |
||
| 245 |
_aDeveloping the concept of 'ecosystem' through inquiry-based learning : _ba study of pre-service primary teachers / _cCarolina Martín-Gámez, María del Carmen Acebel, and Teresa Prieto. |
||
| 260 |
_aUnited Kingdom ; _bTaylor & Francis Group , _cApril 2020. |
||
| 300 |
_aVolume 54, pages 147-161 : _billustration ; _c25 cm. |
||
| 500 | _aJournal of Biological Education, vol. 54, no. 2, pages 147-161, April 2020. | ||
| 650 |
_aEcology. _948933 |
||
| 650 |
_aTeachers. _948934 |
||
| 700 |
_aMartín-Gámez, Carolina. _eauthor. _948932 |
||
| 700 |
_aAcebel, María del Carmen. _eauthor. _948935 |
||
| 700 |
_aPrieto,Teresa. _eauthor. _948936 |
||
| 942 |
_2ddc _cPER |
||
| 999 |
_c18179 _d18179 |
||